| 000 | 00676nam a2200217 u 4500 | ||
|---|---|---|---|
| 005 | 20240314063653.0 | ||
| 008 | 170912s2007 ea r 000 0 spa d | ||
| 020 | _a1404268294 | ||
| 035 | _aUPN01000220438 | ||
| 049 | _aI | ||
| 050 | 4 |
_aPZ8.7 _bR6.3 |
|
| 100 | 1 |
_aRoza, Greg, _d1971- _933672 |
|
| 245 | 1 | 4 |
_aUna fiesta muy especial / _bGreg Roza ; tr. MarĂa Cristina Brusca. |
| 260 |
_aNew York. : _bRosen Classroom Books & Materials, _c2007. |
||
| 300 |
_a8 p. : _bil. col. |
||
| 440 | 0 |
_aLecturas del barrio. _pPerspectiva |
|
| 650 | 4 |
_aCuentos infantiles estadounidenses _910762 |
|
| 650 | 4 |
_aCUENTOS HUMORISTICOS _911283 |
|
| 905 | _aInfantil | ||
| 999 |
_c192537 _d192537 |
||